000 00590nam a2200181Ia 4500
001 18523
005 20260306171637.0
008 260306s9999||||xx |||||||||||||| ||und||
041 _aESP
082 _a658.406
_bZ38
100 _aZárate, Armando
_eAUT
245 0 _aLos costos evolutivos para optimizar las organizaciones inteligentes:
_bUn ensayo isomorfico relacionado a la utilización de los costos evolución para optimizar el funcionamiento de las organizaciones inteligentes
260 _c2000
300 _a
_c
650 _aGEN
654 _aCAN
942 _cLIB
_dJUS
_fJUS
_2ddc
_n
999 _c18523
_d18523